<?xml version="1.0" encoding="UTF-8"?><marc:collection xmlns:marc="http://www.loc.gov/MARC21/slim">
  <marc:record>
    <marc:leader>00000nam##2200000za#4500</marc:leader>
    <marc:controlfield tag="001">9.682527</marc:controlfield>
    <marc:controlfield tag="003">CaOODSP</marc:controlfield>
    <marc:controlfield tag="005">20210615132952</marc:controlfield>
    <marc:controlfield tag="007">ta</marc:controlfield>
    <marc:controlfield tag="008">150407|2004||||xxc|||||     f|0| 0 fre|d</marc:controlfield>
    <marc:datafield tag="020" ind1=" " ind2=" ">
      <marc:subfield code="a">0-662-76952-X</marc:subfield>
    </marc:datafield>
    <marc:datafield tag="040" ind1=" " ind2=" ">
      <marc:subfield code="a">CaOODSP</marc:subfield>
      <marc:subfield code="b">fre</marc:subfield>
    </marc:datafield>
    <marc:datafield tag="043" ind1=" " ind2=" ">
      <marc:subfield code="a">n-cn---</marc:subfield>
    </marc:datafield>
    <marc:datafield tag="086" ind1="1" ind2=" ">
      <marc:subfield code="a">En49-16/5-2002F</marc:subfield>
    </marc:datafield>
    <marc:datafield tag="110" ind1="1" ind2=" ">
      <marc:subfield code="a">Canada.</marc:subfield>
      <marc:subfield code="b">Environnement Canada. </marc:subfield>
      <marc:subfield code="b">Inventaire national des rejets de polluants.</marc:subfield>
    </marc:datafield>
    <marc:datafield tag="245" ind1="1" ind2="0">
      <marc:subfield code="a">Compte rendu national – Inventaire national des rejets de polluants, 2002 : </marc:subfield>
      <marc:subfield code="b">transferts hors site pour recyclage et récupération d'énergie </marc:subfield>
    </marc:datafield>
    <marc:datafield tag="260" ind1=" " ind2=" ">
      <marc:subfield code="a">Ottawa - Ontario : </marc:subfield>
      <marc:subfield code="b">Environnement Canada. </marc:subfield>
      <marc:subfield code="c">[2004].</marc:subfield>
    </marc:datafield>
    <marc:datafield tag="300" ind1=" " ind2=" ">
      <marc:subfield code="a">16p. : </marc:subfield>
      <marc:subfield code="b">graphiques, références, tableaux ; </marc:subfield>
      <marc:subfield code="c">28 cm.</marc:subfield>
    </marc:datafield>
    <marc:datafield tag="500" ind1=" " ind2=" ">
      <marc:subfield code="a">«Loi canadienne sur la protection de l'environnement (1999).»</marc:subfield>
    </marc:datafield>
    <marc:datafield tag="520" ind1="3" ind2=" ">
      <marc:subfield code="a">L’Inventaire national des rejets de polluants est un inventaire légiféré des rejets de polluants dans l’environnement. En 2002, 1 012 propriétaires d’installations ont fourni des données sur les transferts hors site de polluants pour recyclage et récupération d’énergie dont le volume total s’élevait à 1 235 000 tonnes. Ce rapport décrit en détail les types d’activités de recyclage et de récupération d’énergie; les polluants transférés hors site en plus grandes quantités; et les secteurs industriels ayant transféré hors site les plus grandes quantités de polluants.</marc:subfield>
    </marc:datafield>
    <marc:datafield tag="563" ind1=" " ind2=" ">
      <marc:subfield code="a">Couverture souple</marc:subfield>
    </marc:datafield>
    <marc:datafield tag="590" ind1=" " ind2=" ">
      <marc:subfield code="a">05-08</marc:subfield>
      <marc:subfield code="b">2005-02-25</marc:subfield>
    </marc:datafield>
    <marc:datafield tag="691" ind1="0" ind2="7">
      <marc:subfield code="a">Polluant</marc:subfield>
      <marc:subfield code="2">gcpds</marc:subfield>
    </marc:datafield>
    <marc:datafield tag="775" ind1="0" ind2="8">
      <marc:subfield code="t">National overview – National Pollutant Release Inventory, 2002 : </marc:subfield>
      <marc:subfield code="w">(CaOODSP)9.649320</marc:subfield>
    </marc:datafield>
    <marc:datafield tag="776" ind1="0" ind2="#">
      <marc:subfield code="t">Compte rendu national – Inventaire national des rejets de polluants, 2002 </marc:subfield>
      <marc:subfield code="w">(CaOODSP)9.631795</marc:subfield>
    </marc:datafield>
  </marc:record>
</marc:collection>
